000 01119nac a22003497a 4500
001 BR8500468
003 BR-BrBNA
005 20240105120234.0
008 230509b bl.|||m| |||| 00| 0 por d
040 _aBR-BrBNA
_bpor
_cBiblioteca Nacional de Agricultura
072 _aF25
090 _a0336 BR8500468
100 1 _aPalhano, J.B.
100 1 _aSfredo, G.J.
100 1 _aCampo, R.J.
100 1 _aLantmann, A.F.
100 1 _aBorkert, C.M.
110 1 _aCentro Nacional de Pesquisa de Soja, Londrina, PR (Brasil)
_91793
245 1 _aCalagem para soja recomendacao para o estado do Parana [Glycine max, Brasil]
246 1 _a[Liming for soybean recommendation for the state of Parana [Glycine max, Brazil]]
260 3 _aLondrina, PR (Brasil):
_c1984.
300 _a13 p.
490 _aComunicado Tecnico - Centro Nacional de Pesquisa de Soja (Brazil)
_vno. 28
_xISSN 0100-6606
650 _aSOJA
650 _aSOLO
650 _aACIDEZ DO SOLO
650 _aCALAGEM
650 _aCALCARIO
650 _aPARANA
909 _a202312
_bLúcia Elande
_c55
_dLúcia Elande
942 _2AGRIS
_n0
_cMS
999 _c278466
_d278466